La obra monumental de Sebastián = Monumental Artworks of Sebastián /

Zapisane w:
Opis bibliograficzny
1. autor: Sebastián (autor)
Kolejni autorzy: Orozco, Abraham (texto) (texto), Tajonar, Héctor (traducción) (traducción)
Format: Książka
Język:hiszpański
Wydane: México : Fundación Sebastián : Arquitectos Mexicanos Editores, 2005, c2005
Hasła przedmiotowe:
Etykiety: Dodaj etykietę
Nie ma etykietki, Dołącz pierwszą etykiete!

MARC

LEADER 00000nam^a2200000^a^4500
001 000268266
005 20250521000000.0
009 20260310110848.35
020 |a 970-9726-25-0 
020 |a 970-9726-26-9 
037 |a Acervo ITESO - Biblioteca 
041 |a ESP 
082 |a 730. 972063  |b SEB ORO 
100 |a Sebastián  |e (autor) 
245 1 3 |a La obra monumental de Sebastián =  |b Monumental Artworks of Sebastián /  |c Sebastián ; texto de A. Orozco ; tr. por H. Tajonar. 
264 4 |a México :  |b Fundación Sebastián :  |b Arquitectos Mexicanos Editores,  |c 2005, c2005 
300 |a 198 p. 
336 |a texto  |b txt  |2 rdacontenido 
337 |a sin mediación  |b n  |2 rdamedio 
338 |a volumen  |b nc  |2 rdasoporte 
545 0 |a Sebastián, nombre profesional del escultor mexicano Enrique Carbajal González, nacido en 1947 en Ciudad Camargo, Chihuahua y quien cursó estudios en la Escuela Nacional de Artes Plásticas (ENAP). Autor de una extensa obra en el género de la escultura urbana, cuyas piezas han sido instaladas en México, Chihuahua, Villahermosa, Monterrey, Colima y Chetumal, entre otros puntos del país, y en diversas naciones, como Canadá, Estados Unidos, Belice, Chile y Japón. Ha ejercido la docencia y la investigación en distintas instituciones educativas y desde 1972 ha fundado o participado en una veintena de grupos de investigación plástica. Es integrante fundador del World Arts Forum de Ginebra (1991) y ha recibido, entre otros galardones, el Premio del Jurado en la Bienal Internacional de Pintura en Noruega (1984); el Premio Tomás Valles Vivar (1985); el Superior Prize por su escultura Homenaje a Henry Moore expuesta en el Hakone Open Air Museum, en Hakone, Japón (1987); el Premio Mainichi Broadcasting System de la Trienal Internacional de Pintura de Osaka, Japón (1993) y en dos ocasiones el Kinki Nippon Railway Price de la Trienal de Escultura de Osaka (1995 y 1998). 
546 |a Edición bilingüe español-inglés 
649 |a XX 
650 |a Escultores Mexicanos 
650 |a Artistas Mexicanos 
650 |a Escultura Urbana -  |z México -  |x Historia y Crítica 
650 |a Escultura Urbana -  |x Historia y Crítica 
650 |a Escultura Moderna -  |x Historia y Crítica 
650 |a Escultura Mexicana -  |x Tema Principal 
650 |a Escultura Mexicana -  |x Historia y Crítica 
650 |a Escultura Mexicana -  |y Siglo XX 
650 |a Arte Moderno -  |x Historia y Crítica 
650 |a Arte Mexicano -  |x Historia y Crítica 
650 |a Arte Mexicano -  |y Siglo XX 
650 |a Sebastián -  |x Tema Principal 
700 |a Orozco, Abraham  |e (texto) 
700 |a Tajonar, Héctor  |e (traducción) 
910 |a Fondo General 
920 |a Impresos - Libros 
930 |a Reserva Especial 
905 |a 103 
901 |a 0500152585  |b IT1  |c REE  |u 20250521 
902 |a https://opac.biblio.iteso.mx/vufind/Record/000268266